Slovenská bublinka vo svetovom mori

Z histórie zlatého moku. Výrobcovia na Slovensku. Pivo v plastových fľašiach. Produkcia piva na Slovensku v roku 2000.

Salvato in:
Dettagli Bibliografici
Autore principale: Kačeňák, Igor
Natura: Capitolo di libro
Lingua:slovacco
Soggetti:
Tags: Aggiungi Tag
Nessun Tag, puoi essere il primo ad aggiungerne!!

MARC

LEADER 00000naa a2200000 4500
001 r041833
005 20231002114210.4
041 0 |a slo 
044 |a SK 
245 1 0 |a Slovenská bublinka vo svetovom mori  |c Igor Kačeňák 
520 |a Z histórie zlatého moku. Výrobcovia na Slovensku. Pivo v plastových fľašiach. Produkcia piva na Slovensku v roku 2000. 
610 2 0 |a pivo 
610 2 0 |a história 
610 2 0 |a výroba 
610 2 0 |a obaly 
610 2 0 |a Slovensko 
610 2 0 |a výrobcovia 
100 1 |a Kačeňák, Igor